La Revista tarrasense : periódico bisemanal de intereses generales de Tarrasa y su partido periódico bisemanal de intereses generales de Tarrasa y su partido
Descripción Física:
2 vols. ; periodicitat: 2 núm. setemana ; 32 cm
Idioma:
Español
MARC
| LEADER | 00000nas a2200000 a 4500 | ||
|---|---|---|---|
| 001 | 28276 | ||
| 003 | AGDB | ||
| 005 | 20260324180130.0 | ||
| 008 | 160829s1876-] xx 000 0 cat d | ||
| 040 | |a agdb |b cat | ||
| 041 | |a spa | ||
| 245 | |a La Revista tarrasense : |b periódico bisemanal de intereses generales de Tarrasa y su partido | ||
| 260 | |a Terrasa : |b [s.n. ; |c 1876- ?] | ||
| 300 | |a 2 vols. ; |b periodicitat: 2 núm. setemana ; |c 32 cm | ||
| 310 | |a 2 núm. setmana | ||
| 500 | |a Descripció basada en: Año VIII, no. 25 (29 marzo 1883). | ||
| 556 | |a Prové de OPP-2761 | ||
| 651 | 0 | |a Terrassa (Catalunya) |v Revistes |9 55532 | |
| 651 | 0 | |a Vallès Occidental (Catalunya) |v Revistes |9 55549 | |
| 655 | 0 | |9 55823 |a Revistes | |
| 866 | |a Any 8, 1883 (25, 46) | ||
| 901 | |a Arxiu | ||
| 942 | |n 1 |c ARXIU | ||
| 952 | |0 0 |1 0 |4 0 |6 REV2321 |7 1 |9 53807 |a Arxiu |b Arxiu |d 2023-09-18 |h Any 8, núm. 25 (29 març 1883) ; Any 8, núm. 46 (10 juny 1883) |o Rev-2321 |p 28276 |r 2016-12-01 00:00:00 |w 2016-12-01 |y ARXIU | ||
| 999 | |c 57673 |d 57673 | ||